| 000 | 00844nam a2200253 i 4500 | ||
|---|---|---|---|
| 001 | 73119 | ||
| 003 | ES-MaACL | ||
| 005 | 20250807065802.0 | ||
| 007 | t| | ||
| 008 | 040907s1919 sp ||||1| spa d | ||
| 080 | _a821-134.2(728.1)-31"19" | ||
| 100 | 1 |
_aGómez Carrillo, Enrique, _d1873-1927 _957861 |
|
| 245 | 1 | 3 |
_aEl libro de las mujeres / _cEnrique Gómez Carrillo. |
| 260 |
_aMadrid : _bMundo Latino, _c[1919] ( _fYagües) |
||
| 300 |
_a307 p. ; _c19 cm. |
||
| 490 | 1 |
_aObras completas ; _v1 |
|
| 530 | _aDisponible también en sitio web. | ||
| 650 | 0 | 7 |
_aMujeres _2embne _915251 |
| 830 | 0 |
_aObras completas ; _v1 _9176447 |
|
| 852 |
_aES-MaACL _jB-4230 _zRevisado enlace: 22 de julio de 2025 |
||
| 856 | 4 |
_uhttp://bdh.bne.es/bnesearch/detalle/bdh0000081660 _yIr a la página |
|
| 942 | _2udc | ||
| 999 |
_c73119 _d73119 |
||